Perspectivas del Derecho

Detalles Bibliográficos
Autor principal: Garca̕ Ayala, Esperanza de Jess︢
Otros Autores: Reyes Lp̤ez, Aracely
Formato: eBook
Lenguaje:español
Publicado: Veracruz: Universidad de Xalapa, 2017
Materias:
Acceso en línea:Acceso restringido

MARC

LEADER 00000nam a22000007a 4500
005 20180402214920.0
007 cr|||| ||||
008 180402s2017 mx |||||s|||| 00||0 spa d
020 |a 978-607-8156-65-8 
035 |a 21207 
040 |a vLex 
090 |c 7637  |d 7637 
100 1 |a Garca̕ Ayala, Esperanza de Jess︢ 
245 1 0 |a Perspectivas del Derecho  |h [Recurso electrn̤ico] /  |c Esperanza de Jess︢ Garca̕ Ayala, Aracely Reyes Lp̤ez 
256 |a Servicio en ln̕ea 
260 |a Veracruz:  |b Universidad de Xalapa,  |c 2017 
300 |a 1 recurso electrn̤ico 
506 1 |a Disponible solo en los productos indicados  |d vLex Global  |d vLex Global (Academic Edition, excluding Law Schools)  |d vLex Global (U.S. Academic Edition, Law Schools)  |d vLex Global (U.S. Academic Edition, excluding Law Schools)  |d vLex Global (Academic Edition, Law Schools) 
650 0 4 |a Derecho Laboral y Seguridad Social  |z Mx̌ico 
650 0 4 |a Derecho Penal  |z Mx̌ico 
650 0 4 |a Derecho Fiscal  |z Mx̌ico 
650 0 4 |a Derecho Pb︢lico y Administrativo  |z Mx̌ico 
650 0 4 |a Derecho Constitucional  |z Mx̌ico 
700 1 |a Reyes Lp̤ez, Aracely 
740 0 |a vLex Libros (Servicio en ln̕ea) 
856 4 0 |u http://vlex.com/source/perspectivas-derecho-21207  |z Acceso restringido 
942 |c BOOK 
999 0 |a Labor Law and Social Security 
999 0 |a Criminal Law 
999 0 |a Tax Law 
999 0 |a Public and Administrative Law 
999 0 |a Constitutional Law